[Event "Andujar op"]
[Site "Andujar"]
[Date "2025.07.01"]
[Round "7"]
[White "Hald Falkesgaard, Jeppe"]
[Black "Gines Esteo, Pedro Antonio"]
[Result "0-1"]
[WhiteElo "2278"]
[BlackElo "2485"]
[PlyCount "82"]
[EventDate "2025.06.27"]
[EventType "swiss"]
[EventRounds "9"]
[EventCountry "ESP"]
[SourceTitle "CB28_2025"]
[SourceDate "2025.07.09"]
[SourceVersion "1"]
[SourceVersionDate "2025.07.09"]
[SourceQuality "1"]

1. d4 Nf6 2. c4 e6 3. Nf3 d5 4. Nc3 a6 5. cxd5 exd5 6. Bg5 Be6 7. e3 Nbd7 8. Bd3 h6 9. Bf4 g5 10. Bg3 Nh5 11. Be5 Ng7 12. Bg3 Nh5 13. Be5 Nxe5 14. Nxe5 Nf6 15. 0-0 c5 16. Qa4+ b5 17. Nxb5 axb5 18. Bxb5+ Nd7 19. Qc2 Bg7 20. f4 0-0 21. f5 Nxe5 22. dxe5 Bd7 23. Bxd7 Qxd7 24. f6 Bh8 25. Rf5 Qa4 26. b3 Qe4 27. Qxe4 dxe4 28. h4 Kh7 29. h5 Rfe8 30. Rc1 Rxa2 31. Rxc5 Re2 32. Rc3 Rd8 33. Rc4 Rxe3 34. Kf2 Rxb3 35. Rxe4 Rb2+ 36. Re2 Rb5 37. Rf3 Re8 38. Rfe3 Rb4 39. Rd2 Rf4+ 40. Kg3 Bxf6 41. Rd7 Bxe5 0-1

[Event "Fredericia"]
[Site "Fredericia"]
[Date "2025.05.31"]
[Round "6"]
[White "Hald Falkesgaard, Jeppe"]
[Black "Hansen, Lars"]
[Result "1-0"]
[WhiteElo "2271"]
[BlackElo "2218"]
[PlyCount "181"]
[EventDate "2025.05.28"]
[EventType "tourn"]
[EventRounds "9"]
[EventCountry "DEN"]
[EventCategory "3"]
[SourceTitle "CB23_2025"]
[SourceDate "2025.06.04"]
[SourceVersion "1"]
[SourceVersionDate "2025.06.04"]
[SourceQuality "1"]

1. c4 Nf6 2. Nc3 e6 3. e4 d5 4. e5 Ne4 5. Nxe4 dxe4 6. Qg4 Bd7 7. Qxe4 Bc6 8. Qe3 Na6 9. a3 Bc5 10. Qg3 0-0 11. Be2 f6 12. Nf3 fxe5 13. Qxe5 Rf6 14. d3 Bxf3 15. gxf3 Bd4 16. Qh5 Rf5 17. Qg4 Nc5 18. Rb1 Qf6 19. Rg1 e5 20. Bg5 Qf7 21. Be3 Ne6 22. Kd2 Rd8 23. Kc2 Rf6 24. Rbe1 Nf4 25. Bxd4 Rxd4 26. Qc8+ Qf8 27. Qxc7 Rfd6 28. Bf1 Ne6 29. Qa5 Qxf3 30. Qxe5 Qxf2+ 31. Be2 Rxd3 32. Kb1 Rd2 33. Bg4 Rxb2+ 34. Qxb2 Rb6 35. Bxe6+ Kh8 36. Qxb6 Qxb6+ 37. Kc2 Qf2+ 38. Kc3 Qf3+ 39. Kd4 Qf4+ 40. Kd3 Qd6+ 41. Bd5 Qxa3+ 42. Ke4 g6 43. Kf4 b5 44. Kg5 Qf8 45. Rgf1 Qd8+ 46. Kg4 h5+ 47. Kh3 Kg7 48. Kg2 bxc4 49. Bxc4 Qd4 50. Be2 a5 51. Bf3 Kh6 52. Kh1 Qc3 53. Be4 a4 54. Rg1 g5 55. Rc1 Qe5 56. Rge1 g4 57. Bg2 Qd4 58. Rcd1 Qc3 59. Rc1 Qd2 60. Red1 Qe3 61. Rc6+ Kg5 62. Ra6 Qe2 63. Ra5+ Kh4 64. Ra1 Qb2 65. R5xa4 Qc2 66. Ra8 Qb2 67. Rf1 Qc2 68. Ra5 Qe2 69. Rd5 Qe3 70. Rff5 Qe1+ 71. Bf1 Qe4+ 72. Kg1 Qe3+ 73. Kg2 Qe4+ 74. Kf2 Qf4+ 75. Kg1 Qd4+ 76. Kh1 Qe4+ 77. Bg2 Qe1+ 78. Rf1 Qe2 79. Rdf5 Qc2 80. Bd5 Qe2 81. R1f2 Qe1+ 82. Kg2 Qe3 83. Kh1 Qe1+ 84. Rf1 Qe3 85. Bg2 Qe2 86. Rc5 Qd2 87. Re5 Qb2 88. Rff5 Qb1+ 89. Bf1 Qb7+ 90. Rd5 g3 91. Rf4# 1-0

[Event "Fredericia"]
[Site "Fredericia"]
[Date "2025.05.28"]
[Round "1"]
[White "Hald Falkesgaard, Jeppe"]
[Black "Medhus, Vitus Bondo"]
[Result "1-0"]
[WhiteElo "2271"]
[BlackElo "2384"]
[PlyCount "145"]
[EventDate "2025.05.28"]
[EventType "tourn"]
[EventRounds "9"]
[EventCountry "DEN"]
[EventCategory "3"]
[SourceTitle "CB23_2025"]
[SourceDate "2025.06.04"]
[SourceVersion "1"]
[SourceVersionDate "2025.06.04"]
[SourceQuality "1"]

1. Nf3 d5 2. g3 Nf6 3. Bg2 c6 4. c4 dxc4 5. 0-0 g6 6. Na3 Bg7 7. Nxc4 0-0 8. d3 Nbd7 9. Bd2 Nd5 10. e4 N5b6 11. Qc2 Nxc4 12. dxc4 Nc5 13. Rad1 Qd3 14. Qxd3 Nxd3 15. b3 Nb2 16. Rb1 a5 17. Bc1 Nd3 18. Bg5 Re8 19. Rfd1 Nb4 20. Rd2 Bc3 21. Re2 Bg4 22. a3 Na6 23. Rc2 Bg7 24. Be3 c5 25. h3 Be6 26. Rd2 Rab8 27. Ng5 Bc8 28. Rbd1 h6 29. Rd8 Rf8 30. Rxf8+ Bxf8 31. Nf3 Be6 32. Ne5 Bg7 33. Nd7 Rc8 34. Nb6 Rc6 35. Rd8+ Kh7 36. Na4 Rd6 37. Rxd6 exd6 38. Bd2 Nb8 39. Bxa5 Nc6 40. Bc3 Bxc3 41. Nxc3 Nd4 42. Bf1 Kg7 43. Kg2 Kf6 44. b4 cxb4 45. axb4 Nc2 46. Nb5 Ke7 47. c5 d5 48. exd5 Bxd5+ 49. Kh2 Nxb4 50. Nc3 Ke6 51. Nxd5 Nxd5 52. Bb5 Nc7 53. Ba4 Na6 54. c6 b6 55. Bb3+ Ke7 56. Kg2 f6 57. Bc2 Kd6 58. Bxg6 Kxc6 59. f4 Nc5 60. Kf3 Kd5 61. Kg4 Ne4 62. Bf7+ Kd4 63. Kh5 Nxg3+ 64. Kxh6 Ke4 65. Kg6 f5 66. h4 Ne2 67. h5 Nxf4+ 68. Kf6 Nxh5+ 69. Bxh5 f4 70. Ke6 b5 71. Kd6 Kd4 72. Be2 b4 73. Bd1 1-0

[Event "Kolding SonFlow Cup-B"]
[Site "Kolding"]
[Date "2025.05.04"]
[Round "5"]
[White "Hald Falkesgaard, Jeppe"]
[Black "Jalving, August"]
[Result "0-1"]
[WhiteElo "2271"]
[BlackElo "2273"]
[PlyCount "70"]
[EventDate "2025.05.02"]
[EventType "swiss"]
[EventRounds "5"]
[EventCountry "DEN"]
[SourceTitle "CB19_2025"]
[SourceDate "2025.05.07"]
[SourceVersion "1"]
[SourceVersionDate "2025.05.07"]
[SourceQuality "1"]

1. c4 e5 2. g3 Nf6 3. Bg2 Bc5 4. Nc3 0-0 5. e3 Nc6 6. Nge2 d5 7. cxd5 Nb4 8. d4 exd4 9. exd4 Be7 10. 0-0 Nbxd5 11. Nf4 Nxf4 12. Bxf4 Bd6 13. Be5 c6 14. Qb3 Rb8 15. Qa4 a6 16. Rfe1 Bf5 17. Rad1 Re8 18. b4 Bxe5 19. dxe5 Nd7 20. Qb3 Qc7 21. f4 Rbd8 22. Be4 Bg4 23. Rc1 Nf8 24. Bg2 Bf5 25. a4 Qb6+ 26. Kh1 Rd2 27. Ne4 Bxe4 28. Rxe4 Red8 29. Rf1 R8d3 30. Qb1 g6 31. Bh3 Rc3 32. Rd1 Qf2 33. Rxd2 Qxd2 34. Qg1 Rc1 35. Bf1 Qd5 0-1

[Event "Vaxjo op"]
[Site "Vaxjo"]
[Date "2025.02.08"]
[Round "5"]
[White "Kucuksari, Kaan"]
[Black "Hald Falkesgaard, Jeppe"]
[Result "0-1"]
[WhiteElo "2463"]
[BlackElo "2347"]
[PlyCount "136"]
[EventDate "2025.02.07"]
[EventType "swiss"]
[EventRounds "8"]
[EventCountry "SWE"]
[SourceTitle "CB07_2025"]
[SourceDate "2025.02.12"]
[SourceVersion "1"]
[SourceVersionDate "2025.02.12"]
[SourceQuality "1"]

1. e4 c5 2. Nf3 e6 3. d4 cxd4 4. Nxd4 Nc6 5. Nc3 Qc7 6. Be3 a6 7. Qf3 Ne5 8. Qg3 h5 9. f4 h4 10. Qh3 Nc4 11. Bxc4 Qxc4 12. 0-0-0 b5 13. Kb1 Bb7 14. Nb3 a5 15. Nd2 Qc6 16. Nf3 Nf6 17. Rhe1 Nxe4 18. Nxe4 Qxe4 19. Bc5 Qxf4 20. Bxf8 Rxf8 21. Ne5 Rd8 22. Qc3 f6 23. Ng6 Qc4 24. Qxc4 bxc4 25. Nxf8 Kxf8 26. Rxe6 Bxg2 27. Red6 Ke7 28. R6d4 g5 29. Rxc4 f5 30. Kc1 f4 31. Kd2 Kf6 32. Ke2 d5 33. Kf2 h3 34. Rcd4 Rc8 35. c4 dxc4 36. Rd8 Rc5 37. Rf8+ Kg6 38. a4 c3 39. bxc3 Rxc3 40. Rd6+ Kh5 41. Rf5 Rc2+ 42. Ke1 Bf3 43. Rd2 Rc1+ 44. Kf2 Kg4 45. Rxa5 Bg2 46. Re5 Rf1+ 47. Ke2 Rh1 48. Kd3 Rxh2 49. Re1 Rh1 50. Rxh1 Bxh1 51. Ke2 Bc6 52. Kf1 Bxa4 53. Kg1 Kg3 54. Rg2+ Kh4 55. Ra2 Bd1 56. Rd2 Bf3 57. Rd3 Kg3 58. Rd2 g4 59. Rb2 Be4 60. Re2 Bf5 61. Re5 Bd7 62. Re2 f3 63. Rc2 Bb5 64. Rg2+ Kf4 65. Rb2 Be2 66. Kh2 g3+ 67. Kxh3 Bf1+ 68. Kh4 g2 0-1

[Event "Vaxjo op"]
[Site "Vaxjo"]
[Date "2025.02.07"]
[Round "1"]
[White "Thomasson, Staffan"]
[Black "Hald Falkesgaard, Jeppe"]
[Result "0-1"]
[WhiteElo "1878"]
[BlackElo "2347"]
[PlyCount "56"]
[EventDate "2025.02.07"]
[EventType "swiss"]
[EventRounds "8"]
[EventCountry "SWE"]
[SourceTitle "CB07_2025"]
[SourceDate "2025.02.12"]
[SourceVersion "1"]
[SourceVersionDate "2025.02.12"]
[SourceQuality "1"]

1. c4 Nf6 2. g3 c6 3. Bg2 d5 4. cxd5 cxd5 5. Nf3 Nc6 6. 0-0 e5 7. d4 e4 8. Ng5 Be7 9. Nc3 0-0 10. f3 h6 11. Nh3 exf3 12. exf3 Bf5 13. g4 Bg6 14. Nf4 Bh7 15. Re1 Rc8 16. Be3 Na5 17. Bf2 Bb4 18. Rc1 Nc4 19. b3 Na3 20. Re3 Qa5 21. Be1 Rc6 22. Ncxd5 Nxd5 23. Nxd5 Rxc1 24. Ne7+ Bxe7 25. Qxc1 Qg5 26. Bd2 Qf6 27. Qc7 Bd6 28. Qxb7 Qxd4 0-1

[Event "DEN-chT 2425 62nd"]
[Site "Denmark"]
[Date "2025.01.25"]
[Round "5.3"]
[White "Hald Falkesgaard, Jeppe"]
[Black "Brynell, Stellan"]
[Result "0-1"]
[WhiteElo "2266"]
[BlackElo "2368"]
[PlyCount "84"]
[EventDate "2024.11.02"]
[EventType "team-tourn"]
[EventRounds "9"]
[EventCountry "DEN"]
[SourceTitle "CB16_2025"]
[SourceDate "2025.04.16"]
[SourceVersion "1"]
[SourceVersionDate "2025.04.16"]
[SourceQuality "1"]
[WhiteTeam "Bronshoj"]
[BlackTeam "Nordkalotten"]
[WhiteTeamCountry "DEN"]
[BlackTeamCountry "DEN"]

1. c4 Nf6 2. g3 g6 3. Bg2 Bg7 4. Nc3 0-0 5. d4 c5 6. e3 d6 7. Nge2 Nc6 8. 0-0 Bd7 9. b3 Rb8 10. Bb2 cxd4 11. exd4 a6 12. Rc1 Qc8 13. Nd5 Bh3 14. Nb6 Qf5 15. d5 Bxg2 16. Kxg2 Ne5 17. Nd4 Qd3 18. Re1 Rfe8 19. f4 Qxd1 20. Rexd1 Ned7 21. Nxd7 Nxd7 22. b4 Rec8 23. Rd2 Rc7 24. Re2 Kf8 25. b5 Bxd4 26. Bxd4 axb5 27. Rce1 Rxc4 28. Rxe7 Rd8 29. Bf2 Rc2 30. R1e2 Rxe2 31. Rxe2 Nf6 32. Rb2 Ra8 33. Bd4 Nxd5 34. Rxb5 Rxa2+ 35. Kf3 Ra3+ 36. Kg4 Ne3+ 37. Kg5 h6+ 38. Kxh6 Nf5+ 39. Kg5 Nxd4 40. Rd5 Ne6+ 41. Kf6 Nc7 42. Rd4 Ra5 0-1

[Event "Vandoeuvre op 21st"]
[Site "Vandoeuvre"]
[Date "2024.12.29"]
[Round "8"]
[White "Decuigniere, Tom"]
[Black "Hald Falkesgaard, Jeppe"]
[Result "1-0"]
[WhiteElo "2369"]
[BlackElo "2247"]
[PlyCount "121"]
[EventDate "2024.12.26"]
[EventType "swiss"]
[EventRounds "9"]
[EventCountry "FRA"]
[SourceTitle "CB04_2025"]
[SourceDate "2025.01.22"]
[SourceVersion "1"]
[SourceVersionDate "2025.01.22"]
[SourceQuality "1"]

1. d4 d5 2. c4 c6 3. Nc3 Nf6 4. Nf3 e6 5. cxd5 exd5 6. Bf4 Bf5 7. e3 Qb6 8. Bd3 Bxd3 9. Qxd3 Nbd7 10. 0-0 Be7 11. Na4 Qa5 12. Qc2 0-0 13. a3 Qd8 14. b4 Nh5 15. Nc5 Nxf4 16. exf4 Bxc5 17. bxc5 b6 18. cxb6 Qxb6 19. Rfb1 Qc7 20. Ne5 Rac8 21. Re1 Rfe8 22. Rac1 f6 23. Nd3 Re4 24. Nb4 Rxe1+ 25. Rxe1 a5 26. Nd3 c5 27. dxc5 Nxc5 28. Rc1 Ne6 29. Qd2 Qd8 30. Rxc8 Qxc8 31. f5 Nd4 32. Qxa5 Qc4 33. Qa8+ Kf7 34. Qb7+ Kf8 35. Qb4+ Qxb4 36. Nxb4 Ne2+ 37. Kf1 Nc3 38. Ke1 Ke7 39. Nc2 Kd6 40. Kd2 Ne4+ 41. Ke3 Kc5 42. Nd4 Nd6 43. Kd3 Nc4 44. Ne6+ Kd6 45. Nxg7 Nxa3 46. Nh5 Nc4 47. Nxf6 Ke5 48. Ng4+ Kf4 49. h3 Nd6 50. Ne3 Ne4 51. Kd4 Kg5 52. f3 Nf2 53. Kxd5 Nd3 54. Ke6 Nf4+ 55. Ke7 Nh5 56. g4 Nf4 57. f6 Ng6+ 58. Kf7 Kf4 59. Kg7 Kxe3 60. Kxh7 Ne5 61. Kg7 1-0

[Event "Malmo op"]
[Site "Malmo"]
[Date "2024.12.14"]
[Round "6"]
[White "Eriksson, Johan"]
[Black "Hald Falkesgaard, Jeppe"]
[Result "1/2-1/2"]
[WhiteElo "2377"]
[BlackElo "2247"]
[PlyCount "76"]
[EventDate "2024.12.13"]
[EventType "swiss"]
[EventRounds "8"]
[EventCountry "SWE"]
[SourceTitle "CB51_2024"]
[SourceDate "2024.12.18"]
[SourceVersion "1"]
[SourceVersionDate "2024.12.18"]
[SourceQuality "1"]

1. d4 d5 2. c4 c6 3. Nf3 Nf6 4. Nc3 e6 5. Bg5 dxc4 6. e4 b5 7. e5 h6 8. Bh4 g5 9. Nxg5 hxg5 10. Bxg5 Be7 11. exf6 Bxf6 12. Bxf6 Qxf6 13. g3 Bb7 14. Bg2 Na6 15. a4 Qe7 16. 0-0 0-0-0 17. axb5 cxb5 18. Nxb5 Bxg2 19. Rxa6 Qb7 20. Rxa7 Qxb5 21. Kxg2 Qc6+ 22. f3 Qb6 23. Qa1 Kb8 24. Rxf7 Qxd4 25. Rd1 Rxh2+ 26. Kxh2 Qf2+ 27. Kh3 Rh8+ 28. Kg4 Rg8+ 29. Kf4 Qxg3+ 30. Ke3 Qe5+ 31. Kd2 Rd8+ 32. Kc2 Qe2+ 33. Kc3 Qe3+ 34. Kb4 Qb6+ 35. Kxc4 Qc6+ 36. Kb4 Qb6+ 37. Kc4 Qc6+ 38. Kb4 Qb6+ 1/2-1/2

[Event "Copenhagen Atina op"]
[Site "Copenhagen"]
[Date "2024.11.10"]
[Round "6"]
[White "Jacobsen, Mikkel Manosri"]
[Black "Hald Falkesgaard, Jeppe"]
[Result "1-0"]
[WhiteElo "2289"]
[BlackElo "2266"]
[PlyCount "79"]
[EventDate "2024.11.08"]
[EventType "swiss"]
[EventRounds "7"]
[EventCountry "DEN"]
[SourceTitle "CB45_2024"]
[Source "ChessBase"]
[SourceDate "2024.11.06"]
[SourceVersion "1"]
[SourceVersionDate "2024.11.06"]
[SourceQuality "1"]

1. d4 d5 2. c4 c6 3. cxd5 cxd5 4. Nc3 Nf6 5. Nf3 Nc6 6. Ne5 e6 7. a3 Qb6 8. e3 Nxe5 9. dxe5 Nd7 10. f4 Be7 11. Bd3 0-0 12. 0-0 g6 13. Bd2 Nc5 14. Bc2 Qxb2 15. Rb1 Qxa3 16. Ra1 Qb2 17. Rb1 Qa3 18. Nb5 Qa2 19. Bb4 Qc4 20. Bd3 Nxd3 21. Bxe7 Nc5 22. Nc7 Ne4 23. Nxa8 Re8 24. Bd6 Nc3 25. Rb4 Nxd1 26. Rxc4 dxc4 27. Rxd1 Bd7 28. Nc7 Rc8 29. Rb1 Bc6 30. Rb4 Bd5 31. Nxd5 exd5 32. Rxb7 c3 33. Ba3 c2 34. Bc1 a5 35. Kf2 a4 36. Ke2 Rc4 37. Kd2 g5 38. f5 Re4 39. Kxc2 h5 40. e6 1-0

[Event "Copenhagen Atina op"]
[Site "Copenhagen"]
[Date "2024.11.09"]
[Round "4"]
[White "Christensen, Janus"]
[Black "Hald Falkesgaard, Jeppe"]
[Result "0-1"]
[WhiteElo "2130"]
[BlackElo "2266"]
[PlyCount "130"]
[EventDate "2024.11.08"]
[EventType "swiss"]
[EventRounds "7"]
[EventCountry "DEN"]
[SourceTitle "CB45_2024"]
[Source "ChessBase"]
[SourceDate "2024.11.06"]
[SourceVersion "1"]
[SourceVersionDate "2024.11.06"]
[SourceQuality "1"]

1. e4 c5 2. Nf3 Nc6 3. d4 cxd4 4. Nxd4 e5 5. Nb5 d6 6. N1c3 a6 7. Na3 Be7 8. Bd3 Nf6 9. 0-0 Be6 10. Nc4 b5 11. Ne3 Nb4 12. Be2 0-0 13. a3 Nc6 14. Ned5 Nd4 15. Be3 Nxe2+ 16. Qxe2 Nxd5 17. Nxd5 Bxd5 18. exd5 f5 19. f4 Bf6 20. c3 Qd7 21. Rad1 Rfe8 22. Qd3 exf4 23. Bxf4 Be5 24. Be3 g6 25. Rde1 Qb7 26. Re2 Bg7 27. Rd1 Qf7 28. Bf4 Rxe2 29. Qxe2 Re8 30. Qf2 Be5 31. Bh6 Qf6 32. h4 Qe7 33. Bg5 Bf6 34. Bxf6 Qxf6 35. Re1 Re5 36. Rxe5 Qxe5 37. Qd2 f4 38. Kf2 Qf6 39. Kf3 Qxh4 40. Qxf4 Qh5+ 41. Ke4 Qe2+ 42. Kd4 Qc4+ 43. Ke3 Qxd5 44. Qf6 Qc5+ 45. Kd2 Qe5 46. Qd8+ Kf7 47. Qd7+ Qe7 48. Qc6 Qg5+ 49. Kc2 a5 50. Qd7+ Kg8 51. g4 Qe5 52. Qd8+ Kf7 53. Qd7+ Kf6 54. Qd8+ Qe7 55. g5+ Kf7 56. Qxa5 Qxg5 57. Qa7+ Qe7 58. Qf2+ Kg8 59. Qf3 Kg7 60. Qd3 Qe5 61. c4 bxc4 62. Qxc4 h5 63. a4 d5 64. Qc5 Qe4+ 65. Kb3 Qc4+ 0-1

[Event "Copenhagen Atina op"]
[Site "Copenhagen"]
[Date "2024.11.08"]
[Round "2"]
[White "Moe, Mogens"]
[Black "Hald Falkesgaard, Jeppe"]
[Result "1-0"]
[WhiteElo "2117"]
[BlackElo "2266"]
[PlyCount "88"]
[EventDate "2024.11.08"]
[EventType "swiss"]
[EventRounds "7"]
[EventCountry "DEN"]
[SourceTitle "CB45_2024"]
[Source "ChessBase"]
[SourceDate "2024.11.06"]
[SourceVersion "1"]
[SourceVersionDate "2024.11.06"]
[SourceQuality "1"]

1. e4 c5 2. Nf3 Nc6 3. d4 cxd4 4. Nxd4 e5 5. Nb5 d6 6. N1c3 a6 7. Na3 Be7 8. Nd5 Nf6 9. Bd3 Nxd5 10. exd5 Qa5+ 11. Bd2 Qxd5 12. 0-0 Qe6 13. Nc4 d5 14. Nb6 Rb8 15. c4 dxc4 16. Bxc4 Qg6 17. Nxc8 Rxc8 18. Bc3 0-0 19. a4 Rfd8 20. Qb3 Bc5 21. Qxb7 Nd4 22. Kh1 a5 23. Rae1 Bb4 24. Bxb4 axb4 25. b3 Nc6 26. Re3 Qf6 27. Rf3 Qe7 28. Rxf7 Qxb7 29. Rxb7+ Kh8 30. Rb5 e4 31. Rc5 g6 32. g3 Kg7 33. a5 Kf6 34. a6 Ne5 35. Rxc8 Rxc8 36. Bd5 Rc7 37. Bxe4 Ra7 38. Bb7 Nd7 39. Rc1 Ke7 40. Rc4 Nb8 41. Rxb4 Nxa6 42. Bxa6 Rxa6 43. Rb7+ Ke6 44. b4 Kd5 1-0

[Event "DEN-chT 2425 62nd"]
[Site "Denmark"]
[Date "2024.11.02"]
[Round "1.3"]
[White "Haubro, Martin"]
[Black "Hald Falkesgaard, Jeppe"]
[Result "1-0"]
[WhiteElo "2375"]
[BlackElo "2266"]
[PlyCount "81"]
[EventDate "2024.11.02"]
[EventType "team-tourn"]
[EventRounds "9"]
[EventCountry "DEN"]
[SourceTitle "CB45_2024"]
[Source "ChessBase"]
[SourceDate "2024.11.06"]
[SourceVersion "1"]
[SourceVersionDate "2024.11.06"]
[SourceQuality "1"]
[WhiteTeam "BMS"]
[BlackTeam "Bronshoj"]
[WhiteTeamCountry "DEN"]
[BlackTeamCountry "DEN"]

1. e4 c5 2. Nf3 Nc6 3. Bb5 Nf6 4. d3 g6 5. Bxc6 dxc6 6. h3 Bg7 7. 0-0 0-0 8. Nc3 e5 9. Nxe5 Nxe4 10. Nxe4 Bxe5 11. Nxc5 b6 12. Re1 Bg7 13. Ne4 Bb7 14. Bg5 f6 15. Bf4 c5 16. Nd6 Bd5 17. c4 Bc6 18. d4 cxd4 19. Qxd4 Qd7 20. c5 Rad8 21. Rad1 b5 22. Qe3 h5 23. Qb3+ Kh7 24. Re6 a5 25. Rde1 Qa7 26. Qc3 Rd7 27. Ne8 Bd5 28. Nxf6+ Rxf6 29. Rxf6 b4 30. Qe5 Qxc5 31. Qg5 Qc2 32. Rd6 Rxd6 33. Bxd6 Qc6 34. Be5 Qe6 35. b3 a4 36. Bc3 Qd6 37. Bxg7 Kxg7 38. Qe5+ Qxe5 39. Rxe5 axb3 40. axb3 Bxb3 41. Rb5 1-0

[Event "Odense-B"]
[Site "Odense"]
[Date "2024.10.13"]
[Round "4"]
[White "Hald Falkesgaard, Jeppe"]
[Black "Ramsdal, Jens Albert"]
[Result "1/2-1/2"]
[WhiteElo "2262"]
[BlackElo "2313"]
[PlyCount "87"]
[EventDate "2024.10.11"]
[EventType "tourn"]
[EventRounds "5"]
[EventCountry "DEN"]
[EventCategory "1"]
[SourceTitle "CB43_2024"]
[Source "Chessbase"]
[SourceDate "2024.10.23"]
[SourceVersion "1"]
[SourceVersionDate "2024.10.23"]
[SourceQuality "1"]

1. c4 e6 2. d4 Nf6 3. Nf3 d5 4. Nc3 c5 5. cxd5 Nxd5 6. e4 Nxc3 7. bxc3 cxd4 8. cxd4 Bb4+ 9. Bd2 Bxd2+ 10. Qxd2 0-0 11. Be2 b6 12. 0-0 Bb7 13. Qe3 Nd7 14. e5 Rc8 15. Ng5 Nb8 16. Rad1 h6 17. Ne4 Bxe4 18. Qxe4 Qd5 19. Qxd5 exd5 20. Rc1 Rfd8 21. f4 Kf8 22. a4 a6 23. Kf2 Rc6 24. Rxc6 Nxc6 25. Ke3 a5 26. Rc1 Ne7 27. Bg4 f5 28. Bf3 Ke8 29. Rb1 Rc8 30. Rxb6 Rc3+ 31. Kd2 Rc4 32. Be2 Rxd4+ 33. Ke3 Re4+ 34. Kf3 Kf7 35. Bb5 g5 36. g3 gxf4 37. gxf4 Kg7 38. Be8 d4 39. Rd6 Re3+ 40. Kf2 Re4 41. Kg3 Re3+ 42. Kf2 Re4 43. Kf3 Re3+ 44. Kf2 1/2-1/2

[Event "Odense-B"]
[Site "Odense"]
[Date "2024.10.11"]
[Round "1"]
[White "Hald Falkesgaard, Jeppe"]
[Black "Le Besq, Alexander"]
[Result "0-1"]
[WhiteElo "2262"]
[BlackElo "2229"]
[PlyCount "128"]
[EventDate "2024.10.11"]
[EventType "tourn"]
[EventRounds "5"]
[EventCountry "DEN"]
[EventCategory "1"]
[SourceTitle "CB43_2024"]
[Source "Chessbase"]
[SourceDate "2024.10.23"]
[SourceVersion "1"]
[SourceVersionDate "2024.10.23"]
[SourceQuality "1"]

1. d4 Nf6 2. c4 g6 3. Nc3 Bg7 4. g3 0-0 5. Bg2 d6 6. h3 e5 7. Nf3 Nc6 8. Be3 Bf5 9. d5 Ne7 10. Nd2 Bd7 11. c5 Nf5 12. Bg5 h6 13. Bxf6 Qxf6 14. Nce4 Qe7 15. Rc1 b6 16. b4 a5 17. c6 Be8 18. a3 axb4 19. axb4 Qd8 20. Nc3 h5 21. Ra1 Bh6 22. Rxa8 Qxa8 23. Nb5 Qd8 24. Nc4 h4 25. g4 Ng7 26. Qc2 Qe7 27. 0-0 f5 28. e3 fxg4 29. hxg4 Bf7 30. Qe4 Ne8 31. Qf3 Be6 32. Qe2 Bf7 33. e4 Bf4 34. Bh3 Nf6 35. Qd3 Ra8 36. Ne3 Kg7 37. f3 Nh7 38. Ng2 Bg3 39. Ne3 Ng5 40. Kg2 Ra2+ 41. Nc2 Qd8 42. Ra1 Rxa1 43. Nxa1 Bf4 44. Nc2 Bc1 45. Ne3 Bg8 46. Nf1 Qe7 47. Qc3 Bf4 48. Qa1 Kh6 49. Nc3 Qf8 50. Qe1 Nxf3 51. Qf2 Ng5 52. Qxh4+ Kg7 53. Qf2 Nxe4 54. Nxe4 Bxd5 55. Qc2 Qa8 56. b5 Qa3 57. Qe2 Qb4 58. Kf3 Bc4 59. Qc2 Bb3 60. Qc3 Bd1+ 61. Kf2 Qxe4 62. Bg2 Qd4+ 63. Qxd4 exd4 64. Be4 Bxg4 0-1

[Event "Titled Tuesday intern op 17th Sep Early"]
[Site "Chess,com INT"]
[Date "2024.09.17"]
[Round "1"]
[White "Ilinca Ilinca, Felix Antonio"]
[Black "Hald Falkesgaard, Jeppe"]
[Result "1-0"]
[WhiteElo "2417"]
[BlackElo "2262"]
[PlyCount "49"]
[EventDate "2024.09.17"]
[EventType "swiss (blitz)"]
[EventRounds "11"]
[EventCountry "USA"]
[SourceTitle "EXT 2025"]
[Source "ChessBase"]
[SourceDate "2024.10.14"]
[SourceVersion "1"]
[SourceVersionDate "2024.10.14"]
[SourceQuality "1"]

1. d4 g6 2. Nc3 c5 3. d5 Bg7 4. e4 d6 5. Bc4 Nf6 6. Nf3 0-0 7. 0-0 a6 8. a4 e6 9. h3 exd5 10. exd5 Re8 11. Bf4 Qc7 12. Re1 Nbd7 13. Qd2 b6 14. Rxe8+ Nxe8 15. Re1 Bb7 16. Ne4 Ne5 17. Bxe5 dxe5 18. d6 Qd7 19. Nfg5 Bxe4 20. Bxf7+ Kh8 21. Be6 Qb7 22. Nf7+ Kg8 23. Nd8+ Kh8 24. Nxb7 Bxb7 25. d7 1-0

[Event "Titled Tuesday intern op 03rd Sep Early"]
[Site "Chess.com INT"]
[Date "2024.09.03"]
[Round "4"]
[White "Hald Falkesgaard, Jeppe"]
[Black "Volkov, Maksim"]
[Result "0-1"]
[WhiteElo "2262"]
[BlackElo "2284"]
[PlyCount "54"]
[EventDate "2024.09.03"]
[EventType "swiss (blitz)"]
[EventRounds "11"]
[EventCountry "USA"]
[SourceTitle "EXT 2025"]
[Source "ChessBase"]
[SourceDate "2024.10.14"]
[SourceVersion "1"]
[SourceVersionDate "2024.10.14"]
[SourceQuality "1"]

1. d4 Nf6 2. Nf3 e6 3. Bf4 c5 4. e3 Nc6 5. Bd3 h6 6. c3 Nh5 7. Bg3 Nxg3 8. hxg3 d5 9. Nbd2 Bd6 10. g4 e5 11. dxe5 Nxe5 12. Nxe5 Bxe5 13. Bb5+ Bd7 14. Bxd7+ Qxd7 15. g5 0-0-0 16. gxh6 gxh6 17. Qf3 d4 18. cxd4 cxd4 19. Rc1+ Kb8 20. Nc4 dxe3 21. Qxe3 Bc7 22. 0-0 Rhg8 23. Ne5 Qd5 24. Nf3 Rxg2+ 25. Kxg2 Rg8+ 26. Kh3 Qh5+ 27. Nh4 Qg4# 0-1

[Event "DEN-ch Blitz"]
[Site "Snekkersten"]
[Date "2024.09.01"]
[Round "3"]
[White "Hald Falkesgaard, Jeppe"]
[Black "Bjerre, Jonas Buhl"]
[Result "0-1"]
[WhiteElo "2262"]
[BlackElo "2648"]
[PlyCount "100"]
[EventDate "2024.09.01"]
[EventType "swiss (blitz)"]
[EventRounds "13"]
[EventCountry "DEN"]
[SourceTitle "CBM 221 Extra"]
[Source "ChessBase"]
[SourceDate "2024.09.30"]
[SourceVersion "1"]
[SourceVersionDate "2024.09.30"]
[SourceQuality "1"]

1. c4 c5 2. g3 g6 3. Bg2 Bg7 4. Nc3 Nf6 5. e3 0-0 6. Nge2 Nc6 7. 0-0 d6 8. b3 Bf5 9. Bb2 Qc8 10. Re1 Nb4 11. Nd5 Nfxd5 12. Bxg7 Kxg7 13. cxd5 Nc2 14. e4 Nxe1 15. Qxe1 Bh3 16. Bh1 e5 17. dxe6 Bxe6 18. d3 Re8 19. Qc3+ f6 20. f4 Bf7 21. f5 Re5 22. fxg6 hxg6 23. Rf1 Qg4 24. Bf3 Qd7 25. Qd2 Rh8 26. Qf4 g5 27. Qxf6+ Kxf6 28. Bg4+ Ke7 29. Bxd7 Bxb3 30. axb3 Kxd7 31. Nc3 Kc6 32. Nd5 a5 33. Rf7 Rxd5 34. exd5+ Kxd5 35. Rxb7 Kd4 36. Rb6 d5 37. Rb5 Rc8 38. Rxa5 Kxd3 39. b4 cxb4 40. Rxd5+ Kc4 41. Rxg5 b3 42. Rg4+ Kc3 43. Rf4 b2 44. Rf1 Kd3 45. Kg2 Rc1 46. Rf3+ Ke4 47. Rf4+ Ke5 48. Rb4 b1Q 49. Rxb1 Rxb1 50. h4 Kf5 0-1

[Event "DEN-ch Blitz"]
[Site "Snekkersten"]
[Date "2024.09.01"]
[Round "2"]
[White "Kushyk, Denys"]
[Black "Hald Falkesgaard, Jeppe"]
[Result "0-1"]
[WhiteElo "1924"]
[BlackElo "2262"]
[PlyCount "94"]
[EventDate "2024.09.01"]
[EventType "swiss (blitz)"]
[EventRounds "13"]
[EventCountry "DEN"]
[SourceTitle "CBM 221 Extra"]
[Source "ChessBase"]
[SourceDate "2024.09.30"]
[SourceVersion "1"]
[SourceVersionDate "2024.09.30"]
[SourceQuality "1"]

1. e4 c5 2. Nf3 Nc6 3. d4 cxd4 4. Nxd4 e5 5. Nb5 d6 6. N1c3 a6 7. Na3 Be7 8. Nd5 Nf6 9. Nxe7 Qxe7 10. Bg5 0-0 11. Be2 h6 12. Bxf6 Qxf6 13. 0-0 Nd4 14. c3 Nxe2+ 15. Qxe2 Qg6 16. Rad1 Bh3 17. f3 Rad8 18. Nc4 b5 19. Ne3 Be6 20. Nd5 Kh8 21. Rd2 f5 22. exf5 Qxf5 23. Rfd1 Qg5 24. Ne3 Qe7 25. Nd5 Qf7 26. a4 Qa7+ 27. Kh1 bxa4 28. Nb4 Qb6 29. Qxa6 Qxa6 30. Nxa6 Bb3 31. Rc1 d5 32. Nb4 e4 33. fxe4 dxe4 34. Rxd8 Rxd8 35. Kg1 Rd2 36. Rb1 e3 37. Kf1 Bc4+ 38. Ke1 Rxg2 39. Kd1 Rg1+ 40. Kc2 Bb3+ 41. Kd3 Rxb1 42. Kxe3 Rxb2 43. Kd3 Rxh2 44. Nc6 a3 45. Nb4 a2 46. Nxa2 Bxa2 47. c4 Bxc4+ 0-1